Narratives from the women's studies family : recreating knowledge (Record no. 3165)

MARC details
000 -LEADER
fixed length control field 00504nam a2200181Ia 4500
020 ## - INTERNATIONAL STANDARD BOOK NUMBER
ISBN 81-7829-167-3
082 ## - DEWEY DECIMAL CLASSIFICATION NUMBER
Classification number 305.4071054 NAR-
245 #0 - TITLE STATEMENT
Title Narratives from the women's studies family : recreating knowledge
260 ## - PUBLICATION, DISTRIBUTION, ETC. (IMPRINT)
Place of publication New Delhi
Name of publisher Sage Publications
Year of publication 2003
300 ## - PHYSICAL DESCRIPTION
Number of Pages 388p.
504 ## - BIBLIOGRAPHY, ETC. NOTE
Bibliography, etc Includes index
650 ## - SUBJECT ADDED ENTRY--TOPICAL TERM
Topical Term Women's studies - India
650 ## - SUBJECT ADDED ENTRY--TOPICAL TERM
Topical Term Feminist studies
650 ## - SUBJECT ADDED ENTRY--TOPICAL TERM
Topical Term Women - Information services - India
700 ## - ADDED ENTRY--PERSONAL NAME
Personal name Rajput, Pam
700 ## - ADDED ENTRY--PERSONAL NAME
Personal name jain, Devaki
942 ## - ADDED ENTRY ELEMENTS (KOHA)
Koha item type Books
Holdings
Withdrawn status Lost status Damaged status Not for loan Home library Current library Date acquired Bill Date Full call number Accession Number Price effective from Koha item type
        NASSDOC Library NASSDOC Library 09/09/2004 2004-10-05 305.4071054 NAR- 39129 18/04/2019 Books